| 000 | 00591nam a2200193Ia 4500 | ||
|---|---|---|---|
| 005 | 20250326140925.0 | ||
| 008 | 250326s9999 xx 000 0 und d | ||
| 020 | _a0-13-896093-3 | ||
| 037 | _aTextbook | ||
| 040 |
_aFMSL _beng _cFMSL |
||
| 041 |
_aeng _2eng |
||
| 084 |
_aX:80gD658(2:55) N8 _qFMSL |
||
| 100 |
_aMcnurlin B C _9743361 |
||
| 245 | 0 |
_aInformation systems management in practice _cMcnurlin B C; Sprague R H |
|
| 260 |
_aNew Jersey _bNew Jersey, Prentice-Hall _c1998 |
||
| 300 | _axv,554 | ||
| 942 |
_cTB _hX:80gD658(2:55) N8 |
||
| 999 |
_c1287889 _d1287889 |
||